Entertainment Weekly's Top 100 Movies with Hints - Statistics

General Stats
  • This quiz has been taken 69 times
  • The average score is 32 of 100
Answer Stats
Placement Hint Answer % Correct
2 "I'll make him an offer he can't refuse" The Godfather
90%
5 "A boy's best friend is his mother" Psycho
83%
10 Scarlett O'Hara Gone With the Wind
79%
28 "Toto, I don't think we're in Kansas anymore" The Wizard Of Oz
78%
52 "I'm the king of the world!" Titanic
76%
18 Shark Jaws
74%
19 Samuel L. Jackson and John Travolta Pulp Fiction
74%
3 "Here's looking at you, Kid" Casablanca
72%
22 Woody and Buzz Toy Story
72%
1 Rosebud Citizen Kane
69%
68 Ray Liotta and Joe Pesci GoodFellas
66%
11 Giant Gorilla King Kong
66%
42 "You talking to me? Taxi Driver
66%
14 Disney deer Bambi
64%
66 "Here's Johnny!" The Shining
64%
61 Hannibal Lecter The Silence of the Lambs
64%
24 "Do, a deer, a female deer" The Sound of Music
62%
94 Gay cowboys Brokeback Mountain
60%
88 Heath Ledger The Dark Knight
60%
6 Jimmy Stewart Christmas movie It's a Wonderful Life
59%
78 Indiana Jones Raiders of the Lost Ark
59%
16 Gene Kelly Singin' in the Rain
57%
33 Mrs. Robinson The Graduate
55%
25 "Good morning Dave" 2001: A Space Odyssey
53%
62 Reese's Pieces E.T. The Extra-Terrestrial
50%
29 Crop-Duster and Hitchcock North by Northwest
50%
13 Woody Allen and Diane Keaton Annie Hall
48%
38 Dizzy Vertigo
47%
47 Stanley Kubrick A Clockwork Orange
45%
17 Japanese Samurai drama Seven Samurai
45%
35 Vietnam War Apocalypse Now
43%
55 "It's alive, it's alive!" Frankenstein
43%
76 T.E. Lawrence Lawrence of Arabia
43%
9 City in Tennessee Nashville
43%
43 Third move in a trilogy The Lord of the Rings: The Return of the King
43%
44 "I coulda been a contender" On the Waterfront
41%
73 Liza Minnelli Cabaret
40%
85 "You've got to ask yourself a question: 'do I feel lucky?' Well, do ya, punk?" Dirty Harry
40%
67 James Dean Rebel Without a Cause
38%
56 Girl in the red dress Schindler's List
38%
92 Mute pianist and her daughter The Piano
36%
89 Documentary about a music festival Woodstock
36%
4 "We rob banks" Bonnie and Clyde
34%
90 Gene Hackman The French Connection
34%
99 Daniel Day-Lewis There Will Be Blood
34%
59 Watergate All the President's Men
33%
49 James Bond Goldfinger
33%
87 "The Sweet Life" in Italian La Dolce Vita
33%
31 "She's my sister AND my daughter" Chinatown
31%
32 The Marx Brothers Duck Soup
31%
57 "I'm walking here!" Midnight Cowboy
31%
37 Woody Allen Manhattan
28%
63 "I'm as mad as hell and I'm not going to take this anymore!" Network
28%
79 Zombies Night of the Living Dead
28%
51` The Beatles A Hard Day's Night
26%
71 George Lucas film before Star Wars American Graffiti
26%
45 Jimmy Stewart's political movie Mr. Smith Goes to Washington
26%
48 Clark Gable and Claudette Colbert It Happened One Night
24%
21 "Well, nobody's perfect" Some Like It Hot
24%
81 "All those moments will be lost in time, like tears in rain." Blade Runner
22%
77 "Attica!" Dog Day Afternoon
22%
7 Martin Scorsese movie about gang violence Mean Streets
22%
27 Sam Spade The Maltese Falcon
22%
86 "Fasten your seatbelts; it's going to be a bumpy night" All About Eve
17%
15 David Lynch Blue Velvet
17%
91 Spike Lee Do the Right Thing
17%
12 John Wayne The Searchers
17%
65 Erotic drama with Marlon Brando Last Tango in Paris
14%
8 Charlie Chaplin The Gold Rush
12%
41 Mel Gibson as Mad Max The Road Warrior
12%
58 Swedish The Seventh Seal
12%
60 Fred and Ginger Top Hat
12%
80 Teen movis set in the 70's Dazed and Confused
10%
36 "What have you done to his eyes?" Rosemary's Baby
10%
74 2009 Best Picture winner The Hurt Locker
10%
26 Italian film Bicycle Thieves
9%
40 Billy Wilder Double Indemnity
9%
69 "Gentleman, you can't fight in here! This is the war room!" Dr. Strangelove or: How I Learned to Stop Worrying and Love the Bomb
9%
23 Hitchcock Notorious
9%
95 Wes Anderson Rushmore
9%
72 French New Wave Film The 400 Blows
9%
46 The Sheriff of Nottingham The Adventures of Robin Hood
7%
64 Aftermath of World War 2 for American Soldiers The Best Years of Our Lives
7%
34 Katharine Hepburn and Spencer Tracy Adam's Rib
5%
54 French crime drama Breathless
5%
53 "I am your father" Star Wars- Episode V: The Empire Strikes Back
5%
75 Orson Welles Touch of Evil
5%
83 Western Film The Wild Bunch
3%
93 Andy Griffith A Face in the Crowd
2%
97 Located in Baltimore Diner
2%
50 Silent Movie Intolerance
2%
82 Swedish Television Miniseries Scenes From a Marriage
2%
30 Won the Academy Award for Unique and Artistic Picture Sunrise
2%
98 Spainish Melodrama All About My Mother
0%
70 Italiam Film L'Avventura
0%
84 1936 Olympics Olympia
0%
96 Hollywood Satire Sullivan's Travels
0%
39 French Comedy The Rules of the Game
0%
20 French documentary film The Sorrow and the Pity
0%
100 Tony Curtis and Burt Lancaster The Sweet Smell of Success
0%
No matching quizzes found
Score Distribution
Percent of People with Each Score
Percentile by Number Answered
Your Score History
You have not taken this quiz